00937nam a22002057a 450000500170000000800410001704000250005804100080008304400070009110000230009824501080012126001000022930000310032950000830036065000350044365000180047870000310049670000350052777301690056220180803165629.0150122b1998 ck |||||r|||| 00| 0 spa d aCO-BoIAVHcCO-BoIAVH aspa ack1 aEtter R. Andrés10aMapa general de ecosistemas de Colombia del año 1998:bEscala 1:2.000.000.h[material cartográfico] aBogotá:bInstituto de Investigación de Recursos Biológicos Alexander von Humboldt,c1998. a1 mapabcol.c70 x 130 cm. aInforme nacional sobre el estado de la biodiversidad 1998. Escala 1:2.000.000. 4aEcosistemasv Mapas.zColombia 4aBiodiversidad1 aSarmiento, Armandoeeditor1 aTobbler, Alexandrecompiladora0 aRomero Ruz̕, MiltondBogot:̀ Instituto de Investigacin̤ de Recursos Biolg̤icos Alexander von Humboldt; 2004.tEcosistemas de la Cuenca del Orinoco colombiano /